[Event "Paul Keres mem (36th)"]
[Site "Richmond CAN"]
[Date "2011.05.22"]
[Round "4.8"]
[White "Lai, Peter"]
[Black "McLaren, Brian"]
[Result "0-1"]
[WhiteElo "1961"]
[BlackElo "2211"]
[PlyCount "118"]
[GameId "2160767909704347"]
[EventDate "2011.05.20"]
[EventType "swiss"]
[EventRounds "7"]
[EventCountry "CAN"]

1. d4 d5 2. c4 e6 3. Nc3 c6 4. Nf3 dxc4 5. a4 Bb4 6. e3 b5 7. Bd2 a5 8. Ne5 Bb7 9. Qf3 Qc7 10. Qg3 f6 11. Ng6 Bd6 12. Qh3 hxg6 13. Qxh8 Kf7 14. Qh3 Ba6 15. axb5 cxb5 16. Ne4 Nc6 17. Nxd6+ Qxd6 18. Be2 Nge7 19. O-O a4 20. Qg3 Qd7 21. f4 Bb7 22. Bf3 Qd6 23. Qf2 a3 24. bxa3 Rxa3 25. Rxa3 Qxa3 26. Rc1 Na5 27. Bxb7 Nxb7 28. Qe1 Qd3 29. Rc3 Qe4 30. Rc1 Nd6 31. Kf2 Nd5 32. Ra1 c3 33. Bc1 b4 34. Qd1 Nf5 35. Qf3 Qc2+ 36. Qe2 Qe4 37. Qf3 Qxf3+ 38. gxf3 b3 39. Ra7+ Kf8 40. Rb7 b2 41. Bxb2 cxb2 42. Rxb2 Ndxe3 43. Rd2 Ke7 44. Ke2 Nd5 45. Kd3 Nxf4+ 46. Ke4 g5 47. Ra2 Nd6+ 48. Ke3 f5 49. Ra7+ Kf6 50. Rd7 Nc4+ 51. Kf2 Nd5 52. Ke2 Nce3 53. Ra7 g4 54. fxg4 Nxg4 55. h4 Nge3 56. Kf2 f4 57. Kf3 Nf5 58. Ke4 Nxh4 59. Ra2 Nc3+ 0-1

[Event "Paul Keres mem (36th)"]
[Site "Richmond CAN"]
[Date "2011.05.22"]
[Round "4.9"]
[White "Willis, Bradley"]
[Black "Kyriakides, Savvas"]
[Result "1/2-1/2"]
[WhiteElo "2156"]
[BlackElo "2047"]
[PlyCount "101"]
[GameId "2160767909704348"]
[EventDate "2011.05.20"]
[EventType "swiss"]
[EventRounds "7"]
[EventCountry "CAN"]

1. e4 e6 2. d4 d5 3. exd5 exd5 4. Bd3 Bd6 5. Ne2 Qf6 6. c3 c6 7. Be3 Ne7 8. Qc2 Bf5 9. Ng3 Bxd3 10. Qxd3 O-O 11. Nd2 Re8 12. Nf3 h6 13. O-O Nd7 14. Rfe1 Nf8 15. Rad1 Ne6 16. Bc1 Nf4 17. Bxf4 Qxf4 18. Ne5 Bxe5 19. Rxe5 Ng6 20. Ree1 Qc7 21. Qf5 Re7 22. Rxe7 Qxe7 23. Kf1 Re8 24. Qb1 Nf4 25. Qc1 g5 26. Qd2 Qe6 27. Qc2 Qg4 28. h3 Qe6 29. Qf5 Ne2 30. Qxe6 Nxg3+ 31. fxg3 fxe6 32. Re1 Kf7 33. Re5 Kf6 34. Ke2 c5 35. Kd3 Rc8 36. Re1 cxd4 37. cxd4 Ke7 38. Re2 Rf8 39. Rc2 Kd6 40. Re2 Rf1 41. Rd2 e5 42. dxe5+ Kxe5 43. Re2+ Kd6 44. Rd2 Re1 45. Rf2 Re6 46. Rf7 Kc6 47. Rf8 b6 48. Rc8+ Kd7 49. Rf8 a5 50. Rf7+ Kd6 51. Rf1 1/2-1/2

[Event "Paul Keres mem (36th)"]
[Site "Richmond CAN"]
[Date "2011.05.22"]
[Round "4.10"]
[White "Pokora, Lubomir"]
[Black "Molden, Leonard"]
[Result "1/2-1/2"]
[WhiteElo "1957"]
[BlackElo "1995"]
[PlyCount "61"]
[GameId "2160767909704349"]
[EventDate "2011.05.20"]
[EventType "swiss"]
[EventRounds "7"]
[EventCountry "CAN"]

1. e4 d5 2. exd5 Qxd5 3. Nc3 Qd8 4. Bc4 Nf6 5. d3 Bg4 6. f3 Bf5 7. Qe2 e6 8. Bd2 a6 9. O-O-O Be7 10. g4 Bg6 11. f4 Nc6 12. h3 Nd4 13. Qg2 b5 14. Bb3 a5 15. Nxb5 Nxb3+ 16. axb3 O-O 17. Nc3 a4 18. bxa4 Qd7 19. Nge2 Rfb8 20. Rde1 Nd5 21. Nxd5 exd5 22. f5 Rxa4 23. Nc3 Ra1+ 24. Nb1 Ba3 25. fxg6 Bxb2+ 26. Kd1 Rxb1+ 27. Ke2 Re8+ 28. Kf3 Rbxe1 29. gxh7+ Kxh7 30. Rxe1 Rxe1 31. Bxe1 1/2-1/2

[Event "Paul Keres mem (36th)"]
[Site "Richmond CAN"]
[Date "2011.05.22"]
[Round "5.3"]
[White "Toubale, Tarek"]
[Black "Villavieja, Butch"]
[Result "1/2-1/2"]
[WhiteElo "2280"]
[BlackElo "2309"]
[PlyCount "129"]
[GameId "2160767909704351"]
[EventDate "2011.05.20"]
[EventType "swiss"]
[EventRounds "7"]
[EventCountry "CAN"]

1. e4 c5 2. Nf3 Nc6 3. Bb5 g6 4. O-O Bg7 5. Re1 Nf6 6. e5 Nd5 7. Nc3 Nxc3 8. dxc3 Qc7 9. Qd5 a6 10. Bxc6 Qxc6 11. Qxc6 dxc6 12. Be3 b6 13. h3 Bf5 14. Re2 a5 15. Bf4 Be6 16. Rd2 h6 17. a4 g5 18. Bg3 Rd8 19. Rad1 Rxd2 20. Nxd2 O-O 21. Nf1 Rb8 22. Ne3 Kf8 23. Kf1 Ke8 24. Ra1 Kd7 25. Ke2 Kc7 26. f3 Ra8 27. c4 Rd8 28. b3 Rd4 29. Rd1 Kd7 30. Rd3 f6 31. exf6 exf6 32. Be1 Rxd3 33. Kxd3 f5 34. Bc3 Bxc3 35. Kxc3 Kd6 36. Kd3 Ke5 37. Ke2 h5 38. c3 h4 39. Nc2 b5 40. axb5 cxb5 41. cxb5 Bxb3 42. Na3 Bd5 43. c4 Bb7 44. Ke3 a4 45. Nc2 Kd6 46. Kf2 Bc8 47. Ke3 Be6 48. Na3 Kc7 49. f4 g4 50. Kd2 Kb6 51. Kc3 Bc8 52. Nc2 Bb7 53. Ne3 Bxg2 54. hxg4 h3 55. Nxf5 Bf3 56. g5 h2 57. Ng3 Be4 58. Kb2 h1=Q 59. Nxh1 Bxh1 60. f5 Be4 61. f6 Bg6 62. Ka3 Ka5 63. Kb2 Bf7 64. Ka3 Be8 65. Kb2 1/2-1/2

[Event "Paul Keres mem (36th)"]
[Site "Richmond CAN"]
[Date "2011.05.22"]
[Round "5.4"]
[White "Pechisker, Alfred"]
[Black "McLaren, Brian"]
[Result "1/2-1/2"]
[WhiteElo "2282"]
[BlackElo "2211"]
[PlyCount "58"]
[GameId "2160767909704352"]
[EventDate "2011.05.20"]
[EventType "swiss"]
[EventRounds "7"]
[EventCountry "CAN"]

1. Nf3 d5 2. c4 e6 3. d4 c6 4. cxd5 exd5 5. Nc3 Nf6 6. Bg5 Be7 7. e3 Bf5 8. Bxf6 Bxf6 9. Bd3 Bxd3 10. Qxd3 Nd7 11. O-O O-O 12. b4 a6 13. a4 b5 14. a5 Re8 15. Rac1 Be7 16. Na2 Rc8 17. Rc2 Bd6 18. Rfc1 Re6 19. g3 Nb8 20. Rb1 Qe7 21. Qd2 Rh6 22. Nc1 Qe4 23. Qe2 Rf6 24. Ne1 Qf5 25. Ncd3 h5 26. Ng2 Re8 27. Rbc1 g6 28. h4 Rfe6 29. Nc5 R6e7 1/2-1/2

[Event "Paul Keres mem (36th)"]
[Site "Richmond CAN"]
[Date "2011.05.22"]
[Round "5.5"]
[White "Kong, Dezheng"]
[Black "Gentes, Kevin"]
[Result "1/2-1/2"]
[WhiteElo "2053"]
[BlackElo "2270"]
[PlyCount "59"]
[GameId "2160767909704353"]
[EventDate "2011.05.20"]
[EventType "swiss"]
[EventRounds "7"]
[EventCountry "CAN"]

1. Nf3 c5 2. c4 Nf6 3. g3 b6 4. Bg2 Bb7 5. O-O e6 6. Nc3 Be7 7. d4 Ne4 8. Nxe4 Bxe4 9. d5 exd5 10. cxd5 O-O 11. Ne5 Bxg2 12. Kxg2 d6 13. Nd3 Bf6 14. e4 Re8 15. f3 Nd7 16. Qc2 b5 17. Bd2 b4 18. Rae1 a5 19. Re2 Qc8 20. Rfe1 c4 21. Nf2 Qa6 22. Ng4 Bd4 23. Be3 Bxe3 24. Nxe3 Ne5 25. Qd2 g6 26. Rc1 Rac8 27. Qd4 c3 28. Rcc2 cxb2 29. Rxb2 Rc3 30. Rbd2 1/2-1/2

[Event "Paul Keres mem (36th)"]
[Site "Richmond CAN"]
[Date "2011.05.22"]
[Round "5.7"]
[White "Kostadinov, George"]
[Black "Trochtchanovitch, Pavel"]
[Result "1/2-1/2"]
[WhiteElo "2184"]
[BlackElo "2077"]
[PlyCount "87"]
[GameId "2160767909704355"]
[EventDate "2011.05.20"]
[EventType "swiss"]
[EventRounds "7"]
[EventCountry "CAN"]

1. d4 Nf6 2. Nc3 d5 3. f3 c5 4. e3 Nc6 5. Bb5 a6 6. Bxc6+ bxc6 7. Nge2 Bf5 8. O-O e6 9. Na4 Qa5 10. c3 Bg6 11. dxc5 e5 12. b4 Qc7 13. Nb6 Rd8 14. f4 Bh5 15. Qe1 Bxe2 16. Qxe2 a5 17. Bb2 Be7 18. fxe5 Qxe5 19. c4 d4 20. Rae1 d3 21. Bxe5 dxe2 22. Rxe2 axb4 23. Bd6 Bxd6 24. cxd6 Rxd6 25. e4 Rd4 26. e5 Ne4 27. Rfe1 Nc3 28. Rc2 O-O 29. a3 c5 30. axb4 cxb4 31. c5 Nd5 32. Nxd5 Rxd5 33. Rb1 Rc8 34. Rxb4 Kf8 35. c6 Ke8 36. Re4 Ke7 37. Rh4 h6 38. Rg4 g6 39. Rh4 h5 40. Re4 Ke6 41. Rb4 Kxe5 42. Rb7 Rd6 43. Re2+ Kd5 44. Rxf7 1/2-1/2

[Event "Paul Keres mem (36th)"]
[Site "Richmond CAN"]
[Date "2011.05.22"]
[Round "5.8"]
[White "Willis, Bradley"]
[Black "Lai, Peter"]
[Result "1/2-1/2"]
[WhiteElo "2156"]
[BlackElo "1961"]
[PlyCount "66"]
[GameId "2160767909704356"]
[EventDate "2011.05.20"]
[EventType "swiss"]
[EventRounds "7"]
[EventCountry "CAN"]

1. Nf3 Nf6 2. c4 c5 3. g3 g6 4. b3 b6 5. Bg2 Bb7 6. Bb2 Bg7 7. O-O O-O 8. d3 d6 9. e3 e6 10. Nc3 Nc6 11. Qe2 Qe7 12. Ne1 Rad8 13. f4 d5 14. Nd1 Rfe8 15. Nf3 Nh5 16. g4 Nf6 17. Nf2 d4 18. e4 Nd7 19. Rae1 f6 20. Bc1 e5 21. f5 g5 22. h4 h6 23. Nh3 Nf8 24. Kf2 Nh7 25. Rh1 Kf7 26. Rh2 Rh8 27. Reh1 Rdg8 28. Ke1 Ke8 29. Nf2 Nf8 30. Rh3 Nd8 31. R1h2 Nf7 32. Qf1 Nd7 33. Qh1 Qf8 1/2-1/2

[Event "Paul Keres mem (36th)"]
[Site "Richmond CAN"]
[Date "2011.05.22"]
[Round "5.9"]
[White "Kyriakides, Savvas"]
[Black "Wu, Howard"]
[Result "1/2-1/2"]
[WhiteElo "2047"]
[BlackElo "2154"]
[PlyCount "96"]
[GameId "2160767909704357"]
[EventDate "2011.05.20"]
[EventType "swiss"]
[EventRounds "7"]
[EventCountry "CAN"]

1. e4 c5 2. Nf3 d6 3. d4 cxd4 4. Nxd4 Nf6 5. Nc3 Nc6 6. Be2 g6 7. Be3 Bg7 8. Qd2 O-O 9. h4 d5 10. exd5 Nxd5 11. Nxd5 Nxd4 12. Bxd4 Qxd5 13. Bxg7 Qxd2+ 14. Kxd2 Rd8+ 15. Ke3 Kxg7 16. Rad1 Bf5 17. Rxd8 Rxd8 18. Rd1 Rc8 19. c3 Rc5 20. Rd8 Re5+ 21. Kd2 Be4 22. g3 Bc6 23. b4 g5 24. hxg5 Rxg5 25. c4 a6 26. Rd4 h5 27. Bd1 e5 28. Rh4 Kg6 29. g4 hxg4 30. Rxg4 Rxg4 31. Bxg4 Kg5 32. Be2 Kf4 33. b5 axb5 34. cxb5 Bd5 35. a4 b6 36. Kc3 f5 37. Bh5 Be6 38. Kb4 e4 39. a5 bxa5+ 40. Kxa5 Bc4 41. b6 Bd5 42. Kb5 e3 43. fxe3+ Kxe3 44. Bf7 Bb7 45. Kc5 f4 46. Bc4 f3 47. Kd6 f2 48. Kc7 Be4 1/2-1/2

[Event "Paul Keres mem (36th)"]
[Site "Richmond CAN"]
[Date "2011.05.22"]
[Round "5.10"]
[White "Patterson, Roger"]
[Black "Pokora, Lubomir"]
[Result "1/2-1/2"]
[WhiteElo "2144"]
[BlackElo "1957"]
[PlyCount "42"]
[GameId "2160767909704358"]
[EventDate "2011.05.20"]
[EventType "swiss"]
[EventRounds "7"]
[EventCountry "CAN"]

1. e4 e5 2. Nf3 Nf6 3. d3 d6 4. Be2 Be7 5. O-O c6 6. Nbd2 Nbd7 7. d4 Qc7 8. c3 O-O 9. Re1 Re8 10. Bd3 Nf8 11. Nf1 h6 12. Ng3 Ng6 13. h3 Bf8 14. Nh2 Bd7 15. Ng4 Qd8 16. Qf3 Nh7 17. Bc4 Be6 18. Bxe6 Rxe6 19. d5 cxd5 20. exd5 Re8 21. Nf5 Nh4 1/2-1/2

[Event "Paul Keres mem (36th)"]
[Site "Richmond CAN"]
[Date "2011.05.23"]
[Round "6.1"]
[White "Orlov, Georgi"]
[Black "Doroshenko, Maxim"]
[Result "1/2-1/2"]
[WhiteElo "2537"]
[BlackElo "2295"]
[PlyCount "102"]
[GameId "2160767909704359"]
[EventDate "2011.05.20"]
[EventType "swiss"]
[EventRounds "7"]
[EventCountry "CAN"]

1. e4 c6 2. c4 d5 3. exd5 cxd5 4. cxd5 Nf6 5. Bb5+ Nbd7 6. Nc3 g6 7. d4 a6 8. Bxd7+ Qxd7 9. Qf3 b5 10. Bg5 Bg7 11. Nge2 O-O 12. O-O Bb7 13. Bxf6 Bxf6 14. Ne4 Qxd5 15. N2c3 Qc6 16. Nxf6+ exf6 17. d5 Qc4 18. b3 Qh4 19. Ne4 f5 20. Nc5 Ra7 21. Rfd1 Rd8 22. Rac1 Qe7 23. b4 Qe5 24. Nxb7 Rxb7 25. Rc5 Rbd7 26. a3 Rd6 27. h3 Kg7 28. Qb3 f4 29. Qf3 g5 30. Rc6 Rxd5 31. Rxd5 Rxd5 32. Kh2 Rd6 33. Rc5 Qf6 34. Qg4 h6 35. h4 Qe6 36. Qxe6 fxe6 37. hxg5 hxg5 38. Rxg5+ Kf6 39. Rc5 Rd3 40. a4 bxa4 41. Ra5 a3 42. Rxa6 Ke5 43. b5 Kd5 44. g4 Rd2 45. Kg2 a2 46. g5 Ke5 47. g6 Kf6 48. Kf3 Kxg6 49. Kxf4 Rxf2+ 50. Ke3 Rf5 51. Rxa2 Rxb5 1/2-1/2

[Event "Paul Keres mem (36th)"]
[Site "Richmond CAN"]
[Date "2011.05.23"]
[Round "6.4"]
[White "Villavieja, Butch"]
[Black "Kong, Dezheng"]
[Result "1-0"]
[WhiteElo "2309"]
[BlackElo "2053"]
[PlyCount "105"]
[GameId "2160767909704361"]
[EventDate "2011.05.20"]
[EventType "swiss"]
[EventRounds "7"]
[EventCountry "CAN"]

1. e4 e5 2. d4 exd4 3. Qxd4 Nc6 4. Qe3 Nf6 5. Nc3 Bb4 6. Bd2 d6 7. O-O-O Qe7 8. f3 Bd7 9. g4 h6 10. Bc4 O-O-O 11. Nge2 Bc5 12. Qf4 Ne5 13. Bb3 Bf2 14. h3 Be6 15. Qh2 Bb6 16. Qg3 Nc4 17. Na4 Nd7 18. Nxb6+ Ndxb6 19. Bc3 a5 20. a3 a4 21. Bxc4 Bxc4 22. Nd4 f6 23. Nf5 Qf7 24. Ba5 Be2 25. Bxb6 Bxd1 26. Rxd1 g6 27. Nxd6+ Rxd6 28. Rxd6 cxd6 29. Qxd6 Qc4 30. Qxf6 Re8 31. Qxg6 Qf1+ 32. Kd2 Rd8+ 33. Bxd8 Qf2+ 34. Kc3 Qxf3+ 35. Kb4 Qf8+ 36. Kxa4 Qxd8 37. Qf5+ Kb8 38. Qe5+ Kc8 39. Qc5+ Kb8 40. e5 Qd7+ 41. Kb3 Qf7+ 42. Qc4 Qf3+ 43. Qd3 Qf7+ 44. c4 Qf2 45. Ka2 Qe1 46. Qd6+ Ka8 47. e6 Qf1 48. Qd8+ Ka7 49. Qd4+ Ka6 50. e7 Qe2 51. Qd6+ b6 52. Qc7 h5 53. Qc8+ 1-0

[Event "Paul Keres mem (36th)"]
[Site "Richmond CAN"]
[Date "2011.05.23"]
[Round "6.6"]
[White "Gentes, Kevin"]
[Black "Soliven, Joe"]
[Result "0-1"]
[WhiteElo "2270"]
[BlackElo "2084"]
[PlyCount "50"]
[GameId "2160767909704363"]
[EventDate "2011.05.20"]
[EventType "swiss"]
[EventRounds "7"]
[EventCountry "CAN"]

1. c4 g6 2. g3 Bg7 3. Bg2 c6 4. Nc3 d6 5. e4 c5 6. Nge2 Nc6 7. d3 Nf6 8. h3 Bd7 9. Be3 Qc8 10. Qd2 h5 11. f4 Rb8 12. Rc1 h4 13. g4 Nxg4 14. hxg4 Bxg4 15. Rh2 Nd4 16. Bxd4 cxd4 17. Nd1 h3 18. Nf2 hxg2 19. Rxg2 Rh4 20. Nxg4 Rxg4 21. Rh2 f5 22. Kf2 e5 23. Kf3 Kf7 24. b4 Qe6 25. c5 d5 0-1

[Event "Paul Keres mem (36th)"]
[Site "Richmond CAN"]
[Date "2011.05.23"]
[Round "6.7"]
[White "Trochtchanovitch, Pavel"]
[Black "Chen, Howard"]
[Result "0-1"]
[WhiteElo "2077"]
[BlackElo "2216"]
[PlyCount "82"]
[GameId "2160767909704364"]
[EventDate "2011.05.20"]
[EventType "swiss"]
[EventRounds "7"]
[EventCountry "CAN"]

1. e4 e5 2. Nf3 Nc6 3. Bc4 Bc5 4. b4 Bxb4 5. c3 Be7 6. d4 d6 7. O-O Nf6 8. Nbd2 O-O 9. Re1 h6 10. h3 a6 11. a4 b6 12. Nf1 Nxe4 13. Bxf7+ Rxf7 14. Rxe4 d5 15. Rxe5 Nxe5 16. Nxe5 Rf8 17. Ne3 Be6 18. N3g4 Bxg4 19. Qxg4 Rf6 20. Bf4 Bd6 21. Re1 Qc8 22. Qh4 Qf5 23. Bd2 Re8 24. g4 Qc2 25. Be3 Bxe5 26. Rc1 Qb2 27. dxe5 Rxe5 28. Qg3 Rfe6 29. Bf4 Re1+ 30. Rxe1 Rxe1+ 31. Kh2 Qb1 32. Qg2 Qe4 33. Bxc7 Qxg2+ 34. Kxg2 Re4 35. Bxb6 Rxa4 36. Kf1 Ra3 37. Bd4 Rb3 38. Ke1 a5 39. Kd2 a4 40. Bc5 a3 41. Kc2 a2 0-1

[Event "Paul Keres mem (36th)"]
[Site "Richmond CAN"]
[Date "2011.05.23"]
[Round "6.8"]
[White "Kostadinov, George"]
[Black "Kyriakides, Savvas"]
[Result "0-1"]
[WhiteElo "2184"]
[BlackElo "2047"]
[PlyCount "100"]
[GameId "2160767909704365"]
[EventDate "2011.05.20"]
[EventType "swiss"]
[EventRounds "7"]
[EventCountry "CAN"]

1. d4 Nf6 2. Nc3 d5 3. f3 e6 4. e4 c5 5. Bb5+ Bd7 6. Bxd7+ Qxd7 7. e5 Ng8 8. f4 cxd4 9. Nce2 Bb4+ 10. Bd2 Bc5 11. Nf3 Nc6 12. a3 a6 13. b4 Bb6 14. Qb1 Nh6 15. b5 Ne7 16. Nexd4 Nhf5 17. Nxf5 Nxf5 18. bxa6 Rxa6 19. Bb4 Qc6 20. c3 Qc4 21. g3 h5 22. Nd2 Qc6 23. Qd3 Ra8 24. O-O-O Rc8 25. Kb1 Ne3 26. Rc1 Nc4 27. Nxc4 Qxc4 28. Qc2 Kd7 29. Qa4+ Qc6 30. Qxc6+ Rxc6 31. c4 Rhc8 32. c5 Bxc5 33. Bxc5 Rxc5 34. Rxc5 Rxc5 35. Kb2 Rc4 36. Rd1 Kc6 37. Kb3 b5 38. Rd2 Kc5 39. Rf2 Kd4 40. f5 Kxe5 41. fxe6 fxe6 42. Re2+ Re4 43. Rc2 Kd6 44. Rc8 Re2 45. Rd8+ Kc5 46. Rc8+ Kd4 47. Rb8 Rxh2 48. Rxb5 g5 49. Rb7 g4 50. Rh7 Kc5 0-1

[Event "Paul Keres mem (36th)"]
[Site "Richmond CAN"]
[Date "2011.05.23"]
[Round "6.9"]
[White "Chan, James"]
[Black "Willis, Bradley"]
[Result "1-0"]
[WhiteElo "2014"]
[BlackElo "2156"]
[PlyCount "107"]
[GameId "2160767909704366"]
[EventDate "2011.05.20"]
[EventType "swiss"]
[EventRounds "7"]
[EventCountry "CAN"]

1. e4 e6 2. d4 d5 3. e5 c5 4. c3 Nc6 5. Nf3 Bd7 6. a3 Qb6 7. b4 cxd4 8. cxd4 Nge7 9. Be2 Nf5 10. Bb2 h5 11. O-O Rc8 12. Qd2 a6 13. Rd1 Na7 14. Nc3 Bb5 15. Nxb5 axb5 16. Qd3 Be7 17. Bc1 f6 18. h3 Kf7 19. Bf4 Rc6 20. g4 hxg4 21. hxg4 Nh4 22. Nxh4 Rxh4 23. Qg3 Rh8 24. Kg2 g5 25. Be3 Qd8 26. Bd3 Qd7 27. Qf3 Kg7 28. Rh1 Rcc8 29. Rxh8 Rxh8 30. Rh1 Rxh1 31. Kxh1 Qe8 32. Qe2 Qh8+ 33. Kg2 Qe8 34. Bc2 Qh8 35. Qd3 Kf7 36. Qg6+ Kf8 37. f4 Qg7 38. Qh5 Nc8 39. Bd3 Na7 40. Bg6 Nc6 41. Bd3 Na7 42. Bg6 Nc6 43. Be8 Kg8 44. Bd7 Qf7 45. fxg5 fxg5 46. Qh6 Nd8 47. Bxb5 Qh7 48. Qxh7+ Kxh7 49. Bd7 Kg6 50. Bd2 Kf7 51. a4 Nc6 52. Bxc6 bxc6 53. a5 Bd8 54. Bxg5 1-0

[Event "Paul Keres mem (36th)"]
[Site "Richmond CAN"]
[Date "2011.05.23"]
[Round "6.10"]
[White "Wu, Howard"]
[Black "Du, Han"]
[Result "1/2-1/2"]
[WhiteElo "2154"]
[BlackElo "1867"]
[PlyCount "80"]
[GameId "2160767909704367"]
[EventDate "2011.05.20"]
[EventType "swiss"]
[EventRounds "7"]
[EventCountry "CAN"]

1. e4 e5 2. Nf3 Nf6 3. Nxe5 d6 4. Nf3 Nxe4 5. d4 d5 6. Bd3 Be7 7. O-O Nc6 8. c4 Nb4 9. Nc3 Nxd3 10. Qxd3 Bf5 11. Re1 c6 12. cxd5 Nxc3 13. Qxf5 Nxd5 14. Ng5 Nf6 15. Qe5 h6 16. Nf3 Kf8 17. Bf4 Nd5 18. Rad1 Bf6 19. Qe4 g6 20. Ne5 Kg7 21. Qf3 h5 22. Nc4 Re8 23. Be5 Re6 24. Qb3 Qd7 25. h3 Kh7 26. f4 Bg7 27. Qf3 Ne7 28. Bxg7 Rxe1+ 29. Rxe1 Kxg7 30. Qe4 Nf5 31. Qe5+ f6 32. Qe4 Kf7 33. Rd1 Rd8 34. Na5 Nxd4 35. Kh1 b6 36. Nxc6 Qxc6 37. Rxd4 Qxe4 38. Rxe4 Rd2 39. Rb4 Ke6 40. a4 Kd6 1/2-1/2

[Event "Paul Keres mem (36th)"]
[Site "Richmond CAN"]
[Date "2011.05.23"]
[Round "7.3"]
[White "Doroshenko, Maxim"]
[Black "Toubale, Tarek"]
[Result "1-0"]
[WhiteElo "2295"]
[BlackElo "2280"]
[PlyCount "77"]
[GameId "2160767909704369"]
[EventDate "2011.05.20"]
[EventType "swiss"]
[EventRounds "7"]
[EventCountry "CAN"]

1. d4 Nf6 2. Nf3 g6 3. c4 Bg7 4. Nc3 d6 5. e4 O-O 6. Be2 e5 7. Be3 Ng4 8. Bg5 f6 9. Bh4 c6 10. h3 Nh6 11. g4 Qb6 12. Rb1 Nf7 13. d5 a5 14. Na4 Qc7 15. dxc6 bxc6 16. c5 Be6 17. a3 Nd7 18. Qc2 Rfb8 19. Bc4 d5 20. Ba2 Rd8 21. b4 axb4 22. axb4 Nf8 23. exd5 cxd5 24. O-O d4 25. Bxe6 Nxe6 26. b5 e4 27. Qxe4 Nxc5 28. Nxc5 Qxc5 29. b6 Rab8 30. Rfc1 Qd6 31. Rc6 Qd7 32. Rc7 Qd6 33. Bg3 Qf8 34. Qd3 Ne5 35. Bxe5 fxe5 36. Qc4+ Kh8 37. Ng5 h6 38. Nf7+ Kh7 39. Nxd8 1-0

[Event "Paul Keres mem (36th)"]
[Site "Richmond CAN"]
[Date "2011.05.23"]
[Round "7.4"]
[White "Soliven, Joe"]
[Black "Pechisker, Alfred"]
[Result "1-0"]
[WhiteElo "2084"]
[BlackElo "2282"]
[PlyCount "61"]
[GameId "2160767909704370"]
[EventDate "2011.05.20"]
[EventType "swiss"]
[EventRounds "7"]
[EventCountry "CAN"]

1. e4 c5 2. Nf3 d6 3. Bb5+ Bd7 4. Bxd7+ Nxd7 5. c4 g6 6. Nc3 Bg7 7. d3 Ngf6 8. O-O O-O 9. Ng5 h6 10. Nf3 a6 11. a4 Ng4 12. h3 Nge5 13. Nh2 e6 14. f4 Nc6 15. Be3 Nd4 16. Kh1 Rb8 17. Nf3 Kh7 18. Bxd4 cxd4 19. Ne2 e5 20. g4 b5 21. cxb5 axb5 22. b4 bxa4 23. Qxa4 d5 24. Nd2 f5 25. Qc6 fxg4 26. Ra7 Nf6 27. fxe5 Nh5 28. Rxf8 Qxf8 29. hxg4 Nf4 30. Nxf4 Qxf4 31. Qf6 1-0

[Event "Paul Keres mem (36th)"]
[Site "Richmond CAN"]
[Date "2011.05.23"]
[Round "7.5"]
[White "Kyriakides, Savvas"]
[Black "McLaren, Brian"]
[Result "1/2-1/2"]
[WhiteElo "2047"]
[BlackElo "2211"]
[PlyCount "38"]
[GameId "2160767909704371"]
[EventDate "2011.05.20"]
[EventType "swiss"]
[EventRounds "7"]
[EventCountry "CAN"]

1. e4 Nf6 2. Nc3 d5 3. exd5 Nxd5 4. Nxd5 Qxd5 5. Qf3 c6 6. Qxd5 cxd5 7. d4 Nc6 8. c3 Bf5 9. Bf4 e6 10. Nf3 Be7 11. Kd2 a6 12. Bd3 Bxd3 13. Kxd3 Rc8 14. Rhe1 Kd7 15. Ne5+ Nxe5+ 16. Bxe5 Bd6 17. Bxd6 Kxd6 18. Re3 g6 19. Rc1 Rc7 1/2-1/2

[Event "Paul Keres mem (36th)"]
[Site "Richmond CAN"]
[Date "2011.05.23"]
[Round "7.6"]
[White "Kong, Dezheng"]
[Black "Chan, James"]
[Result "1-0"]
[WhiteElo "2053"]
[BlackElo "2014"]
[PlyCount "95"]
[GameId "2160767909704372"]
[EventDate "2011.05.20"]
[EventType "swiss"]
[EventRounds "7"]
[EventCountry "CAN"]

1. d4 f5 2. Bg5 g6 3. Nf3 Bg7 4. h4 h6 5. Bf4 d6 6. Qd2 Nf6 7. Nc3 c6 8. a4 Qa5 9. g3 Be6 10. Bh3 Nd5 11. Nxd5 Qxd2+ 12. Bxd2 Bxd5 13. c3 O-O 14. O-O e5 15. dxe5 dxe5 16. Rac1 c5 17. Be3 b6 18. Rcd1 Bc4 19. Rfe1 Nc6 20. Rd6 Ne7 21. Nd2 Bf7 22. Nf1 Rad8 23. Red1 Nc6 24. h5 g5 25. Bxf5 Bxh5 26. Bd7 Nd4 27. cxd4 exd4 28. Be6+ Kh8 29. Rxd8 Rxd8 30. Bc4 Re8 31. Bb5 Bxe2 32. Bxe2 dxe3 33. Nxe3 Bxb2 34. Bb5 Re4 35. Rd8+ Kg7 36. Rd7+ Kf6 37. Rxa7 Bd4 38. Rb7 Bxe3 39. fxe3 Rxe3 40. Rxb6+ Ke5 41. Kf2 Ra3 42. Rxh6 c4 43. Bxc4 Rxa4 44. Be2 Rb4 45. Rh8 Rb3 46. Rf8 Ke4 47. Bf3+ Ke5 48. g4 1-0

[Event "Paul Keres mem (36th)"]
[Site "Richmond CAN"]
[Date "2011.05.23"]
[Round "7.7"]
[White "Du, Han"]
[Black "Gentes, Kevin"]
[Result "1/2-1/2"]
[WhiteElo "1867"]
[BlackElo "2270"]
[PlyCount "74"]
[GameId "2160767909704373"]
[EventDate "2011.05.20"]
[EventType "swiss"]
[EventRounds "7"]
[EventCountry "CAN"]

1. e4 c5 2. Nf3 d6 3. d4 cxd4 4. Qxd4 Bd7 5. Bg5 Nc6 6. Qd2 h6 7. Bh4 Nf6 8. Nc3 g5 9. Bg3 Nh5 10. Be2 Bg7 11. Rb1 a6 12. Nd5 e5 13. Ne3 Nf6 14. Bd3 d5 15. exd5 e4 16. dxc6 bxc6 17. Ne5 exd3 18. Nxd7 Qxd7 19. Qxd3 Qe6 20. Qd6 Qxd6 21. Bxd6 Ne4 22. Ba3 Rb8 23. Ke2 Bf8 24. Bxf8 Kxf8 25. f3 Nd6 26. Rhd1 Ke7 27. g4 h5 28. h3 hxg4 29. hxg4 Rh2+ 30. Kf1 Rbh8 31. Ng2 f5 32. gxf5 Nxf5 33. Re1+ Kd7 34. Rbd1+ Kc8 35. Re6 Rh1+ 36. Ke2 Ng3+ 37. Kf2 Rxd1 1/2-1/2

[Event "Paul Keres mem (36th)"]
[Site "Richmond CAN"]
[Date "2011.05.23"]
[Round "7.8"]
[White "Pokora, Lubomir"]
[Black "Wu, Howard"]
[Result "1/2-1/2"]
[WhiteElo "1957"]
[BlackElo "2154"]
[PlyCount "69"]
[GameId "2160767909704374"]
[EventDate "2011.05.20"]
[EventType "swiss"]
[EventRounds "7"]
[EventCountry "CAN"]

1. e4 c5 2. Nc3 Nc6 3. g3 g6 4. Bg2 Bg7 5. d3 d6 6. f4 e6 7. Nf3 Nge7 8. O-O O-O 9. Be3 Nd4 10. e5 Nef5 11. Bf2 Nxf3+ 12. Qxf3 Nd4 13. Qd1 dxe5 14. fxe5 Bxe5 15. Ne4 Nc6 16. Nxc5 Bxb2 17. Rb1 Bd4 18. Nxb7 Bxb7 19. Rxb7 Rc8 20. Kh1 Bxf2 21. Rxf2 Qd4 22. Rf4 Qd6 23. Qf1 Nd8 24. Rxa7 Rxc2 25. Raa4 e5 26. Rf6 Ne6 27. Be4 Qd7 28. Rb4 Rxa2 29. Rb7 Qd4 30. Rfxf7 Ra1 31. Rxf8+ Nxf8 32. Rb1 Rxb1 33. Qxb1 Qf2 34. Qg1 Qe2 35. Qg2 1/2-1/2

[Event "Paul Keres mem (36th)"]
[Site "Richmond CAN"]
[Date "2011.05.23"]
[Round "7.9"]
[White "Patterson, Roger"]
[Black "Escandor, Manuel Omana"]
[Result "1-0"]
[WhiteElo "2144"]
[BlackElo "1758"]
[PlyCount "95"]
[GameId "2160767909704375"]
[EventDate "2011.05.20"]
[EventType "swiss"]
[EventRounds "7"]
[EventCountry "CAN"]

1. e4 e5 2. Nf3 Nf6 3. d3 Nc6 4. c3 h6 5. Nbd2 d5 6. Be2 Be7 7. O-O O-O 8. a3 Be6 9. b4 a6 10. Re1 dxe4 11. dxe4 Nd7 12. Nc4 Qe8 13. Ne3 Nb6 14. Qc2 f6 15. c4 Bg4 16. Nxg4 Rd8 17. Ne3 Qg6 18. c5 Nc8 19. Nf5 Kh7 20. Be3 Rfe8 21. Rad1 Bf8 22. N3h4 Qf7 23. Bc4 Qh5 24. Qe2 Qxe2 25. Bxe2 g6 26. Ng3 Be7 27. Nf3 N8a7 28. Kf1 h5 29. Bc4 h4 30. Nxh4 f5 31. Nhxf5 gxf5 32. Nxf5 Kg6 33. Ke2 Bf6 34. Rxd8 Rxd8 35. Rd1 Rxd1 36. Kxd1 Nc8 37. Kd2 N8e7 38. Nxe7+ Nxe7 39. Kd3 Bg7 40. Bd5 c6 41. Be6 Kf6 42. Bd7 Bf8 43. h4 Kg6 44. Bg5 a5 45. bxa5 Ng8 46. Kc4 Nf6 47. Bxf6 Kxf6 48. Bxc6 1-0